LEADER 01178nam0 2200301 i 450 001 CFI0018768 005 20231121125426.0 010 $a8813159358 020 $aIT$b87-2441 100 $a20140318d1986 ||||0itac50 ba 101 | $aita 102 $ait 181 1$6z01$ai $bxxxe 182 1$6z01$an 200 1 $a˜L'œintrovabile governabilità$ele strategie istituzionali dei partiti dalla Costituente alla Commissione Bozzi$fPaolo Armaroli 210 $aPadova$cCEDAM$d1986 215 $aXI, 397 p.$d24 cm. 606 $aDiritto pubblico$2FIR$3RMLC101570$9I 700 1$aArmaroli$b, Paolo$3CFIV013562$4070$0245784 801 3$aIT$bIT-01$c20140318 850 $aIT-RM0542 $aIT-FR0098 899 $aBIBLIOTECA DEL MINISTERO DEGLI AFFARI ESTERI$bRM0542 899 $aBiblioteca Area Giuridico Economica$bFR0098 912 $aCFI0018768 950 0$aBiblioteca Area Giuridico Economica$d 53DSG 06/0142$e 53VM 0000217215 VM barcode:GIU0002941. - Inventario:1984VM$fA $h20010423$i20121204 977 $a 09$a 53 996 $aIntrovabile governabilità$9620107 997 $aUNICAS LEADER 01179nam0 22002651i 450 001 UON00194955 005 20231205103230.315 100 $a20030730d1979 |0itac50 ba 101 $afre 102 $aIT 105 $a|||| 1|||| 200 1 $a"Montjoie!", ou la ronde des formes et des rythmes$fAnna Paola Mossetto Campra$gpréface de M. Décaudin 210 $aFasano$cGrafischena$d1979. 269 p. ; 25 cm 316 $aDono prof. Bulciolu$5IT-UONSI FranceseVI C/086 410 1$1001UON00173092$12001 $a Pubblicazioni della "Fondazione Ricciotto Canudo"$1210 $aFasano$cGrafischena.$v2 620 $aIT$dFasano$3UONL001077 700 1$aMOSSETTO CAMPRA$bAnna Paola$3UONV115633$0457730 702 1$aDÉCAUDIN$bMichel$3UONV115634 712 $aGrafischena$3UONV266492$4650 801 $aIT$bSOL$c20240220$gRICA 899 $aSIBA - SISTEMA BIBLIOTECARIO DI ATENEO$2UONSI 912 $aUON00194955 950 $aSIBA - SISTEMA BIBLIOTECARIO DI ATENEO$dSI Francese VI C 086 $eSI LO 59078 5 086 Dono prof. Bulciolu 996 $a"Montjoie!" ou, La ronde des formes et des rythmes$9184595 997 $aUNIOR